Հայկական էպոսի հնագույն ակունքները : (Record no. 76980)
[ view plain ]
| 000 -LEADER | |
|---|---|
| fixed length control field | 01169nam a2200253 a 4500 |
| 001 - CONTROL NUMBER | |
| control field | 000219632 |
| 003 - CONTROL NUMBER IDENTIFIER | |
| control field | AM-YeHGA |
| 005 - DATE AND TIME OF LATEST TRANSACTION | |
| control field | 20250617124333.0 |
| 008 - FIXED-LENGTH DATA ELEMENTS--GENERAL INFORMATION | |
| fixed length control field | 030421s1997 ai r 000 0 arm d |
| 040 ## - CATALOGING SOURCE | |
| Original cataloging agency | AM-YeHGA |
| 041 0# - LANGUAGE CODE | |
| Language code of text/sound track or separate title | arm |
| 090 ## - LOCALLY ASSIGNED LC-TYPE CALL NUMBER (OCLC); LOCAL CALL NUMBER (RLIN) | |
| -- | 78220 |
| 100 1# - MAIN ENTRY--PERSONAL NAME | |
| Personal name | Պետրոսյան, Արմեն Եղիշեի, |
| Dates associated with a name | 1948- |
| 245 10 - TITLE STATEMENT | |
| Title | Հայկական էպոսի հնագույն ակունքները : |
| Remainder of title | Հնդեվրոպական առասպելներ և պատմական նախատիպեր = The oldest sources of armenian epic / |
| Statement of responsibility, etc. | Ա.Ե. Պետրոսյան; ՀՀ ԳԱԱ Հնագիտ. և ազգագր. ին-տ. |
| 246 31 - VARYING FORM OF TITLE | |
| Title proper/short title | The oldest sources of armenian epic : |
| Remainder of title | Indo-european myths and historical prototypes |
| 260 ## - PUBLICATION, DISTRIBUTION, ETC. | |
| Place of publication, distribution, etc. | Երևան : |
| Name of publisher, distributor, etc. | Վան Արյան, |
| Date of publication, distribution, etc. | 1997. |
| 300 ## - PHYSICAL DESCRIPTION | |
| Extent | 96 էջ : |
| Other physical details | աղս. |
| 504 ## - BIBLIOGRAPHY, ETC. NOTE | |
| Bibliography, etc. note | Մատենագիտ. էջ՝ 91-95 |
| 650 14 - SUBJECT ADDED ENTRY--TOPICAL TERM | |
| Topical term or geographic name entry element | Ազգագրություն |
| General subdivision | Հայեր |
| 653 0# - INDEX TERM--UNCONTROLLED | |
| Uncontrolled term | Հնդեվրոպական առասպելներ |
| 710 2# - ADDED ENTRY--CORPORATE NAME | |
| Corporate name or jurisdiction name as entry element | Գիտությունների ազգային ակադեմիա ՀՀ |
| 710 2# - ADDED ENTRY--CORPORATE NAME | |
| Corporate name or jurisdiction name as entry element | Հնագիտության և ազգագրության ինստիտուտ ՀՀ ԳԱԱ |
| 942 ## - ADDED ENTRY ELEMENTS (KOHA) | |
| Source of classification or shelving scheme | Universal Decimal Classification |
| Koha item type | Գրքեր / Books |
| Withdrawn status | Lost status | Source of classification or shelving scheme | Damaged status | Not for loan | Collection | Home library | Current library | Date acquired | Total checkouts | Full call number | Barcode | Date last seen | Price effective from | Koha item type | Public note | Copy number |
|---|---|---|---|---|---|---|---|---|---|---|---|---|---|---|---|---|
| Universal Decimal Classification | General | Fundamental Scientific Library | Fundamental Scientific Library | 22/12/2016 | AII/85252 | 220085252 | 22/12/2016 | 22/12/2016 | Գրքեր / Books | 30 Days Loan | ||||||
| Universal Decimal Classification | General | Fundamental Scientific Library | Fundamental Scientific Library | 22/12/2016 | AII/85253 | 220085253 | 22/12/2016 | 22/12/2016 | Գրքեր / Books | 30 Days Loan | ||||||
| General | Fundamental Scientific Library | Fundamental Scientific Library | 22/12/2016 | AII/85254 | FL0190615 | 22/12/2016 | 22/12/2016 | Գրքեր / Books | 30 Days Loan | 398.22(=919.81) |
ՀՀ Գիտությունների ազգային ակադեմիայի հիմնարար գիտական գրադարան = Fundamental Scientific Library of NAS RA
All site content, except where otherwise noted, is licensed under a